Movilidad socio-espacial familiar y trayectoria de vida del zapatero josefino 1900-1950: un estudio de casos /
Αποθηκεύτηκε σε:
| Κύριος συγγραφέας: | |
|---|---|
| Μορφή: | Κείμενο |
| Ετικέτες: |
Προσθήκη ετικέτας
Δεν υπάρχουν, Καταχωρήστε ετικέτα πρώτοι!
|
MARC
| LEADER | 00000 a a2200000 04500 | ||
|---|---|---|---|
| 001 | 4312 | ||
| 003 | |||
| 040 | |||
| 100 | |a Montero, Freddy Mauricio | ||
| 245 | |a Movilidad socio-espacial familiar y trayectoria de vida del zapatero josefino 1900-1950: |b un estudio de casos / |c Freddy Mauricio Montero | ||
| 773 | |g número 11; páginas 45-60 | ||
| 999 | |c 26350 |d 26350 | ||
